000 00381nam a2200145 i 4500
001 59924
003 ES-MaACL
007 t|
008 031031s1931 fr ||||1| fre d
100 1 _aEscholier, Raymond.
_947541
245 1 2 _aL'herbe d'amour
_b: roman /
_cRaymond Escholier.
260 _aParis :
_b[Rambot],
_c1931.
300 _a284 p. ;
_c19 cm.
852 _aES-MaACL
_jB-9075
999 _c59924
_d59924